000 00500nam a22001937a 4500
005 20210123133006.0
008 210123b ||||| |||| 00| 0 eng d
020 _a9789386053329
040 _aIN-DiNC
_cIN-DiNC
041 _deng
082 _a338.5
_bQUR
100 _aQureshi, M S
_eauthor
245 _aMicroeconomics (part-I)
_cby M S Qureshi
260 _aNew Delhi:
_bWisdom press,
_c2018
300 _a222p.
650 _aConsumer theory
650 _aProduction theory
942 _2ddc
_cBK
999 _c11131
_d11131